Indian Foreign Policy: (Record no. 184218)

MARC details
000 -LEADER
fixed length control field 00544nam a22001817a 4500
005 - DATE AND TIME OF LATEST TRANSACTION
control field 20220114151512.0
010 ## - LCCN (DPL NO)
LC control number ENG-131146
020 ## - INTERNATIONAL STANDARD BOOK NUMBER
International Standard Book Number 978-93-5287-543-6
Terms of availability 695.00
035 ## - SYSTEM CONTROL NUMBER
System control number EN-114678
037 ## - SOURCE OF ACQUISITION
Source of stock number/acquisition DBAD
082 ## - DEWEY DECIMAL CLASSIFICATION NUMBER
Classification number 327.54
100 ## - MAIN ENTRY--PERSONAL NAME
Personal name Pant, Harsh V.
245 ## - TITLE STATEMENT
Title Indian Foreign Policy:
Statement of responsibility, etc Harsh V. Pant
Remainder of title An overview/
260 ## - PUBLICATION, DISTRIBUTION, ETC. (IMPRINT)
Place of publication, distribution, etc Telangana
Name of publisher, distributor, etc Orient Blackswan Private Limited
Date of publication, distribution, etc 2020
270 ## - ADDRESS
City Telangana
Address 3-6-752 Himayatnagar
Postal code 500029
300 ## - PHYSICAL DESCRIPTION
Extent 246p.
Dimensions 23cm(pbk)
Other physical details Index
942 ## - ADDED ENTRY ELEMENTS (KOHA)
Source of classification or shelving scheme Dewey Decimal Classification
Item type English Books
Classification part 327.54
Call number suffix PAN
Holdings
Withdrawn status Lost status Not for loan Collection code Home library Current library Date acquired Source of acquisition Cost, normal purchase price Full call number Barcode Copy number Cost, replacement price Koha item type
      Non-fiction Sarojini Nagar Sarojini Nagar 14/01/2022 DBAD/PUB 695.00 327.54 PAN EN-114678 1 695.00 English Books

© Delhi Public Library
Hit Counter
free hit counter